[Event "Kalamazoo Mini-Swiss.2"]
[Site "Kalamazoo, MI"]
[Date "1998.??.??"]
[Round "?"]
[White "Franklin, Stan"]
[Black "Griffin, John"]
[Result "1-0"]
[WhiteElo "1655"]
[BlackElo "1605"]
[PlyCount "104"]
[EventDate "1998.??.??"]

1. e4 c5 2. Nf3 Nc6 3. d4 cxd4 4. Nxd4 Nf6 5. Nc3 e5 6. Nf5 d5 7. exd5 Bxf5 8.
dxc6 Qxd1+ 9. Nxd1 bxc6 10. Ne3 Be6 11. Ba6 Rb8 12. O-O Be7 13. b3 O-O 14. Bb2
Nd7 15. Be2 f5 16. Rad1 Bf6 17. Nc4 e4 18. Ba3 c5 19. Rd6 Rfe8 20. Ra6 Nb6 21.
Na5 c4 22. bxc4 Bd4 23. Nc6 Bxc4 24. Bxc4+ Nxc4 25. Nxb8 Nxa3 26. Rxa3 Rxb8 27.
c3 Bb6 28. Rb3 Rd8 29. Re1 Rd2 30. Rf1 e3 31. fxe3 Bxe3+ 32. Kh1 f4 33. a3 g5
34. h3 Kf7 35. c4 h6 36. Rxe3 Rc2 37. Re4 Ra2 38. Rf3 Kf6 39. Rc3 Kf5 40. Re7
h5 41. c5 g4 42. hxg4+ hxg4 43. Rc1 f3 44. gxf3 gxf3 45. c6 Kf4 46. c7 Kg3 47.
Rg1+ Rg2 48. c8=Q Rxg1+ 49. Kxg1 f2+ 50. Kf1 a5 51. Rf7 a4 52. Qg8+ Kh4 1-0

[Event "Kalamazoo Mini-Swiss.1"]
[Site "Kalamazoo, MI"]
[Date "1998.??.??"]
[Round "?"]
[White "Franklin, Stan"]
[Black "Draper, M."]
[Result "0-1"]
[WhiteElo "1665"]
[BlackElo "1605"]
[PlyCount "86"]
[EventDate "1998.??.??"]

1. e4 e5 2. Nf3 Nf6 3. Nc3 Nc6 4. Bb5 Bc5 5. O-O O-O 6. d3 a6 7. Bxc6 dxc6 8.
Nxe5 Qd4 9. Nf3 Bg4 10. Be3 Qb4 11. Rb1 Rad8 12. a3 Qb6 13. Na4 Qa5 14. Bd2
Qxa4 15. b3 Qxa3 16. Qe2 Ba7 17. b4 Qa2 18. Bc3 Bxf3 19. gxf3 Qe6 20. Kh1 Nd5
21. Bd2 Bd4 22. c4 Nc3 23. Bxc3 Bxc3 24. Rg1 Qh6 25. c5 Qd2 26. Qf1 Qxd3 27.
Qg2 Qd2 28. Qg3 Bd4 29. e5 g6 30. Rg2 Qc3 31. h4 Bxe5 32. Qh3 Rd3 33. Qf5 Rxf3
34. Qe4 Rh3+ 35. Kg1 Qd3 36. Re1 Qxe4 37. Rxe4 f6 38. f4 Rxh4 39. Rf2 g5 40.
Rg2 Rxf4 41. Rxf4 Bxf4 42. Kf2 Rd8 43. Kf3 Rd2 0-1

[Event "Michigan Class B"]
[Site "Grand Rapids, MI"]
[Date "1998.??.??"]
[Round "?"]
[White "Franklin, Stan"]
[Black "Brumley, Ron"]
[Result "0-1"]
[WhiteElo "1605"]
[BlackElo "1645"]
[PlyCount "30"]
[EventDate "1998.01.??"]

1. e4 c5 2. Nf3 d6 3. Bc4 Nc6 4. h3 Nf6 5. Nc3 g6 6. d4 cxd4 7. Nxd4 Bg7 8.
Nxc6 bxc6 9. Qf3 Qa5 10. O-O O-O 11. Bf4 Be6 12. Bb3 Nd7 13. Bg5 Qxg5 14. Ne2
Ne5 15. Qg3 Nc4 0-1

[Event "Kalamazoo Mini-Swiss.1"]
[Site "Kalamazoo, MI"]
[Date "1998.??.??"]
[Round "?"]
[White "Franklin, Stan"]
[Black "Beckwith, Stan"]
[Result "1/2-1/2"]
[WhiteElo "1655"]
[BlackElo "1790"]
[PlyCount "115"]
[EventDate "1998.??.??"]

1. e4 c5 2. Nf3 d6 3. Be2 Nf6 4. d3 e6 5. O-O Nc6 6. Nc3 a6 7. b3 Be7 8. Bb2 b5
9. Qd2 Bb7 10. Nd1 Qc7 11. Ne3 h6 12. c4 O-O 13. h3 Rfd8 14. g4 Ne8 15. Ng2 d5
16. exd5 exd5 17. cxd5 Rxd5 18. Nf4 Rd7 19. Nh5 Rad8 20. g5 Rd5 21. Nf4 Rf5 22.
Ng2 hxg5 23. d4 Nb4 24. Ne3 Rxf3 25. Bxf3 Bxf3 26. Nf5 Bf6 27. Rac1 Nxa2 28.
Rc2 Nb4 29. Rc3 Qc6 30. Rfc1 Qe4 31. Ng3 Qxd4 32. Qxd4 Bxd4 33. Rxf3 Bxb2 34.
Rxc5 f6 35. Nf5 Kf7 36. h4 gxh4 37. Nxh4 g6 38. Rg5 Rd3 39. Rxd3 Nxd3 40. Rxg6
Bd4 41. Rg2 Nd6 42. Nf3 Bb6 43. Nd2 f5 44. Kf1 Nxf2 45. Ke2 Nfe4 46. Nf3 Kf6
47. Kd3 Nf7 48. b4 Ne5+ 49. Nxe5 Kxe5 50. Ra2 a5 51. bxa5 Ba7 52. a6 f4 53. Re2
Be3 54. a7 Bxa7 55. Rxe4+ Kf5 56. Rb4 f3 57. Rxb5+ Kf4 58. Rb7 1/2-1/2

[Event "Lansing Mini-Swiss.1"]
[Site "Lansing, MI"]
[Date "1998.??.??"]
[Round "?"]
[White "Ford, William"]
[Black "Sundeen, David"]
[Result "1/2-1/2"]
[WhiteElo "1875"]
[BlackElo "1645"]
[PlyCount "82"]
[EventDate "1998.??.??"]

1. d4 Nf6 2. Nf3 g6 3. c4 Bg7 4. Nc3 O-O 5. e4 d6 6. Be2 a6 7. O-O Nbd7 8. Bf4
c5 9. d5 Ng4 10. Qd2 Nge5 11. Ng5 Nb6 12. Bxe5 Bxe5 13. Nf3 Bg7 14. Rab1 Nd7
15. Bd3 Ne5 16. Nxe5 Bxe5 17. Ne2 Bg4 18. f3 Bd7 19. Qg5 f5 20. f4 Bg7 21. h4
fxe4 22. Bxe4 Bf5 23. Bxf5 Rxf5 24. Qg4 Qc7 25. Ng3 Rf7 26. Ne4 Raf8 27. g3 Qc8
28. Qxc8 Rxc8 29. Ng5 Bf6 30. Ne6 b5 31. b3 b4 32. Rf2 Bc3 33. Rh2 Rf6 34. g4
Bd4+ 35. Nxd4 cxd4 36. Rf2 Rcf8 37. Rbf1 e5 38. fxe5 Rxf2 39. Rxf2 Rxf2 40.
Kxf2 dxe5 41. Kf3 Kf7 1/2-1/2

[Event "Lansing Mini-Swiss.1"]
[Site "Lansing, MI"]
[Date "1998.??.??"]
[Round "?"]
[White "Ford, William"]
[Black "Garrison, Ray"]
[Result "1/2-1/2"]
[WhiteElo "1875"]
[BlackElo "1840"]
[PlyCount "82"]
[EventDate "1998.??.??"]

1. d4 g6 2. e4 Bg7 3. Nf3 d6 4. h3 Nf6 5. Bd3 O-O 6. Bg5 c5 7. c3 Nc6 8. d5 Ne5
9. Nxe5 dxe5 10. Nd2 Ne8 11. O-O f6 12. Be3 b6 13. Qc2 e6 14. Bc4 Nc7 15. Qb3
Qe7 16. Rad1 exd5 17. exd5 Qd7 18. Ne4 f5 19. d6+ Ne6 20. Ng5 Rf6 21. Nxe6 Rxe6
22. Bxe6+ Qxe6 23. Qxe6+ Bxe6 24. Bg5 Bd7 25. Rfe1 h6 26. Be7 Kf7 27. f3 Be6
28. b3 Bd7 29. Bh4 g5 30. Bf2 Re8 31. b4 c4 32. h4 Re6 33. hxg5 hxg5 34. g3 Bf8
35. f4 gxf4 36. gxf4 e4 37. Re3 Rxd6 38. Rxd6 Bxd6 39. Bg3 Ba4 40. Re2 Ke6 41.
Rd2 a6 {[Remainder illegible]} 1/2-1/2

[Event "Michigan Class C"]
[Site "Grand Rapids, MI"]
[Date "1998.??.??"]
[Round "?"]
[White "Foord, Larry"]
[Black "Solski, Jeff"]
[Result "1-0"]
[WhiteElo "1605"]
[BlackElo "1605"]
[PlyCount "53"]
[EventDate "1998.01.??"]

1. d4 Nf6 2. c4 g6 3. Nc3 Bg7 4. c5 O-O 5. Bd2 d6 6. cxd6 cxd6 7. Rc1 e5 8. Bg5
exd4 9. Qxd4 Nc6 10. Qd2 Be6 11. Nf3 Rc8 12. e4 a6 13. Be2 Qd7 14. O-O b5 15.
b3 b4 16. Bxf6 Bxf6 17. Na4 Qe7 18. Bxa6 Rc7 19. Bb5 Ne5 20. Nd4 Rxc1 21. Rxc1
Rd8 22. Qxb4 Bd7 23. Bxd7 Nd3 24. Qd2 Nxc1 25. Nc6 Qxe4 26. Nxd8 Nxb3 27. Qd1
1-0

[Event "Michigan Class C"]
[Site "Grand Rapids, MI"]
[Date "1998.??.??"]
[Round "?"]
[White "Foord, Larry"]
[Black "Nikitin, Mike"]
[Result "0-1"]
[WhiteElo "1605"]
[BlackElo "1605"]
[PlyCount "74"]
[EventDate "1998.01.??"]

1. d4 Nf6 2. c4 g6 3. c5 d5 4. cxd6 cxd6 5. Nc3 Bg7 6. Bd2 O-O 7. g3 d5 8. Bg2
Nc6 9. e3 e6 10. Nge2 b6 11. O-O Na5 12. b3 Nb7 13. Rc1 Nd6 14. Qc2 Ba6 15.
Rfe1 Rc8 16. Qb1 Qd7 17. Nf4 Bb7 18. Nd3 Nfe4 19. Nxe4 Nxe4 20. Bb4 Rxc1 21.
Rxc1 Rc8 22. Ne5 Rxc1+ 23. Qxc1 Bxe5 24. dxe5 Qc6 25. Qxc6 Bxc6 26. Kf1 Nc5 27.
Ke2 Bb5+ 28. Kf3 Nd3 29. Bc3 Nc1 30. a4 Be2+ 31. Kf4 Nd3+ 32. Kg5 Nxf2 33. b4
Ng4 34. e4 h6+ 35. Kh4 Kg7 36. h3 g5+ 37. Kh5 Nf6# 0-1

[Event "Michigan Class C"]
[Site "Grand Rapids, MI"]
[Date "1998.??.??"]
[Round "?"]
[White "Foord, Larry"]
[Black "Aldrich, Justin"]
[Result "1-0"]
[WhiteElo "1605"]
[BlackElo "1605"]
[PlyCount "111"]
[EventDate "1998.01.??"]

1. d4 d5 2. c4 c6 3. cxd5 cxd5 4. Nc3 Nf6 5. Nf3 Nc6 6. Bf4 e6 7. h3 Bd6 8.
Bxd6 Qxd6 9. e3 a6 10. Be2 O-O 11. O-O Bd7 12. Rc1 Rac8 13. Qd2 h6 14. Nh2 Qe7
15. f4 Rcd8 16. Nf3 Ne4 17. Qe1 Nd6 18. Ne5 Nxe5 19. fxe5 Ne8 20. Qg3 f6 21.
Qh4 Qf7 22. Bd3 Rc8 23. Rf3 f5 24. Rcf1 Qg6 25. Rg3 Qh7 26. Be2 g5 27. Qh5 Ng7
28. Qf3 Be8 29. Bd3 Nh5 30. h4 Nxg3 31. Qxg3 Qg6 32. Qe1 gxh4 33. Qxh4 Qg5 34.
Qe1 Rc7 35. Ne2 Qxe3+ 36. Kh2 Qxd3 37. Nf4 Qe4 38. Nxe6 Rc2 39. Qg3+ Qg4 40.
Qxg4+ fxg4 41. Rxf8+ Kh7 42. Rxe8 Kg6 43. Rd8 Kh5 44. Kg3 Rd2 45. Nf4+ Kg5 46.
Rxd5 Rxb2 47. e6+ Kf6 48. Ra5 Rd2 49. d5 Rd4 50. Kxg4 h5+ 51. Kf3 Ke7 52. Nxh5
b5 53. g3 b4 54. Rxa6 Kd8 55. d6 Ke8 56. Ra8# 1-0

[Event "Michigan Senior"]
[Site "Ann Arbor, MI"]
[Date "1998.??.??"]
[Round "?"]
[White "Foord, Allan"]
[Black "Wiener, Jack"]
[Result "0-1"]
[WhiteElo "1605"]
[BlackElo "1605"]
[PlyCount "48"]
[EventDate "1998.06.??"]

{6/13} 1. e4 c5 2. Nf3 Nc6 3. d4 cxd4 4. Nxd4 a6 5. c4 e6 6. Nc3 Be7 7. Be2 Nf6
8. Bg5 O-O 9. O-O h6 10. Be3 Nh7 11. f4 Kh8 12. Qe1 Rg8 13. Bh5 Qf8 14. Qg3 d6
15. f5 Nxd4 16. Bxd4 e5 17. Bb6 Nf6 18. Bf3 Bd7 19. Rad1 Rc8 20. b3 Rc6 21. Qf2
d5 22. exd5 Rxb6 23. Na4 Bxa4 24. bxa4 Bc5 0-1

[Event "Michigan Class C"]
[Site "Grand Rapids, MI"]
[Date "1998.??.??"]
[Round "?"]
[White "Foord, Allan"]
[Black "White, B."]
[Result "1-0"]
[WhiteElo "1605"]
[BlackElo "1605"]
[PlyCount "95"]
[EventDate "1998.01.??"]

1. e4 e5 2. Nf3 Nf6 3. Nxe5 d6 4. Nc4 Nxe4 5. d4 Be7 6. Bd3 d5 7. Bf4 O-O 8.
O-O Bf5 9. Re1 Bh4 10. g3 Bf6 11. c3 Nc6 12. Ne3 Bh3 13. Qh5 Qd7 14. Nxd5 Bg4
15. Nxf6+ Nxf6 16. Qb5 Nd5 17. Bd2 Rfe8 18. Na3 f5 19. c4 Nf6 20. d5 Nd4 21.
Rxe8+ Rxe8 22. Qxd7 Nf3+ 23. Kg2 Nxd7 24. Be3 Nde5 25. Be2 Nh4+ 26. Kf1 Bh3+
27. Ke1 Nhf3+ 28. Kd1 Nxh2 29. Nb5 Bg4 30. Nxc7 Bxe2+ 31. Kxe2 Rc8 32. d6 Nxc4
33. Rd1 Nxd6 34. Rxd6 Rxc7 35. Bxa7 Rc2+ 36. Rd2 Rxd2+ 37. Kxd2 Nf3+ 38. Ke3
Nh2 39. Kd4 Kf7 40. Ke5 g6 41. Kd6 Nf3 42. Bb6 Nd2 43. Kc7 Ke6 44. Kxb7 Kd5 45.
a4 Nc4 46. a5 Nxa5+ 47. Bxa5 Kc4 48. Kc6 1-0

[Event "U.S. Amateur North"]
[Site "Detroit, MI"]
[Date "1998.??.??"]
[Round "?"]
[White "Foord, Allan"]
[Black "Smith, Glenn"]
[Result "1/2-1/2"]
[WhiteElo "1605"]
[BlackElo "1605"]
[PlyCount "89"]
[EventDate "1998.05.??"]

{5/23} 1. e4 d5 2. exd5 Qxd5 3. Nc3 Qa5 4. d4 c6 5. Bc4 Bf5 6. Qh5 g6 7. Qf3
Nf6 8. Bd2 Qb4 9. Bb3 Qxd4 10. Nge2 Qg4 11. Qg3 Na6 12. O-O Nc5 13. Qe3 Nxb3
14. cxb3 Nd5 15. Nxd5 cxd5 16. Qe5 f6 17. Qe3 Qe4 18. Nd4 a6 19. Nxf5 Qxf5 20.
Bc3 Bg7 21. Rad1 O-O 22. Qxe7 b5 23. Qd6 Rfd8 24. Qc6 Qd7 25. Qb6 Qd6 26. Qd4
a5 27. a3 Rd7 28. Qd2 a4 29. Bb4 Qa6 30. Rc1 Qb7 31. Qe2 Bf8 32. Qe6+ Kg7 33.
Bxf8+ Rxf8 34. b4 Rff7 35. Rfd1 Rfe7 36. Qc6 Qxc6 37. Rxc6 Re2 38. Rc5 Rxb2 39.
Rxb5 Ra2 40. g3 Rxa3 41. Ra5 d4 42. b5 d3 43. Kf1 Ra2 44. b6 d2 45. Ra7 {
[Remainder illegible]} 1/2-1/2

[Event "Michigan Open Reserve"]
[Site "Flint, MI"]
[Date "1998.??.??"]
[Round "?"]
[White "Foord, Allan"]
[Black "Smalec, Joseph"]
[Result "1-0"]
[WhiteElo "1605"]
[BlackElo "1605"]
[PlyCount "77"]
[EventDate "1998.09.??"]

1. e4 e5 2. Nf3 Nc6 3. Bb5 Nge7 4. O-O g6 5. c3 Bg7 6. Re1 O-O 7. d3 d6 8. h3
Be6 9. Ng5 d5 10. Nxe6 fxe6 11. Qg4 Rf6 12. Bg5 Rf7 13. Qxe6 Qf8 14. Bh4 Nd8
15. Qg4 Rf4 16. Qg3 Ne6 17. Bd7 Nc5 18. Bxe7 Qxe7 19. Bg4 Nxd3 20. Qxd3 Qc5 21.
Qxd5+ Qxd5 22. exd5 Rd8 23. Nd2 Rxd5 24. Be6+ Kf8 25. Bxd5 Bh6 26. Nf3 c6 27.
Be6 e4 28. Nd4 c5 29. Ne2 Rf6 30. Bc8 Rb6 31. b3 Bd2 32. Red1 e3 33. fxe3 Bxe3+
34. Kh1 Kf7 35. Rd7+ Kf6 36. Rf1+ Kg5 37. Rxb7 Rd6 38. Rd7 Re6 39. Rd5+ 1-0

[Event "Michigan Senior"]
[Site "Ann Arbor, MI"]
[Date "1998.??.??"]
[Round "?"]
[White "Foord, Allan"]
[Black "Sheridan, Gregory"]
[Result "0-1"]
[WhiteElo "1605"]
[BlackElo "1880"]
[PlyCount "36"]
[EventDate "1998.06.??"]

{6/14} 1. e4 d6 2. d4 Nf6 3. Bd3 g6 4. Nf3 Bg7 5. h3 O-O 6. O-O Nbd7 7. Bf4 c5
8. c3 Qb6 9. Qc2 Nh5 10. Be3 e5 11. dxe5 Nxe5 12. Nxe5 Bxe5 13. Nd2 Qd8 14. Nc4
Bf4 15. Qd2 Qg5 16. Nxd6 Bxh3 17. g3 Nxg3 18. Bxf4 Ne2+ 0-1

[Event "Michigan Open Reserve"]
[Site "Flint, MI"]
[Date "1998.??.??"]
[Round "?"]
[White "Foord, Allan"]
[Black "Paul, Dennis"]
[Result "1/2-1/2"]
[WhiteElo "1605"]
[BlackElo "1605"]
[PlyCount "72"]
[EventDate "1998.09.??"]

1. e4 g6 2. d4 Bg7 3. Nf3 Nf6 4. Bd3 O-O 5. O-O d6 6. c4 c5 7. e5 Ne8 8. Be4
cxd4 9. Qxd4 Nc6 10. Bxc6 bxc6 11. Rd1 c5 12. Qxc5 Bg4 13. exd6 Nxd6 14. Qe3
Qc7 15. Na3 Rfd8 16. Qf4 h5 17. h3 Bxf3 18. Qxf3 Nxc4 19. Nxc4 Qxc4 20. Rxd8+
Rxd8 21. Qb3 Qe2 22. Be3 Rd3 23. Qb8+ Kh7 24. Qxa7 Rd1+ 25. Rxd1 Qxd1+ 26. Kh2
Qd6+ 27. g3 Bxb2 28. Bc5 Qd5 29. Qxe7 Qxa2 30. Be3 Bc3 31. Qg5 Bg7 32. g4 hxg4
33. Qh4+ Kg8 34. Qd8+ Kh7 35. Qh4+ Kg8 36. Qd8+ Kh7 1/2-1/2

[Event "Michigan Open Reserve"]
[Site "Flint, MI"]
[Date "1998.??.??"]
[Round "?"]
[White "Foord, Allan"]
[Black "Mitchell, Dave"]
[Result "0-1"]
[WhiteElo "1605"]
[BlackElo "1605"]
[PlyCount "78"]
[EventDate "1998.09.??"]

1. e4 d6 2. d4 Nf6 3. Nc3 c6 4. Bc4 b5 5. Bd3 Bg4 6. f3 Bd7 7. Nge2 b4 8. Nb1
e5 9. Be3 a5 10. Bc4 Na6 11. Qd3 Nc7 12. dxe5 dxe5 13. Bb6 Qb8 14. Qe3 Ne6 15.
Bxe6 Bxe6 16. Bc5 Bd6 17. O-O O-O 18. Rd1 Bxc5 19. Qxc5 Qc7 20. Nd2 Nd7 21. Qe3
Qb6 22. Kf2 Qxe3+ 23. Kxe3 Rfd8 24. c4 Nc5 25. b3 Rd3+ 26. Kf2 Rad8 27. Ke1 f5
28. exf5 Bxf5 29. Nf1 Rxd1+ 30. Rxd1 Nd3+ 31. Rxd3 Rxd3 32. Neg3 Bg6 33. Ne4
Bxe4 34. fxe4 a4 35. Ke2 Rd4 36. Nd2 Kf7 37. Ke3 Kf6 38. Nf3 Rd1 39. bxa4 Ra1
0-1

[Event "Michigan Open Reserve"]
[Site "Flint, MI"]
[Date "1998.??.??"]
[Round "?"]
[White "Foord, Allan"]
[Black "McNair, Shawn"]
[Result "0-1"]
[WhiteElo "1605"]
[BlackElo "1605"]
[PlyCount "68"]
[EventDate "1998.09.??"]

1. e4 e5 2. Nf3 Nc6 3. Bb5 a6 4. Ba4 Nf6 5. O-O Be7 6. Re1 b5 7. Bb3 O-O 8. a4
Bb7 9. d3 Re8 10. c3 Bc5 11. Be3 Bxe3 12. Rxe3 d5 13. exd5 Nxd5 14. Re1 Nf4 15.
Bc2 Qf6 16. d4 exd4 17. cxd4 Rxe1+ 18. Qxe1 Nxd4 19. Nxd4 Nxg2 20. Qd2 Rd8 21.
Qd3 g6 22. b4 Rxd4 23. Qg3 Ne1 24. Bb3 Nf3+ 25. Kf1 Rd1+ 26. Bxd1 Qxa1 27. Bxf3
Qxb1+ 28. Kg2 Bxf3+ 29. Qxf3 Qxb4 30. axb5 axb5 31. Qa8+ Kg7 32. Qd8 c5 33. Qc7
Qe4+ 34. Kf1 Qd4 0-1

[Event "Michigan Class C"]
[Site "Grand Rapids, MI"]
[Date "1998.??.??"]
[Round "?"]
[White "Foord, Allan"]
[Black "Brinks, K."]
[Result "1-0"]
[WhiteElo "1605"]
[BlackElo "1605"]
[PlyCount "119"]
[EventDate "1998.01.??"]

1. e4 c6 2. d4 d5 3. exd5 cxd5 4. Bd3 Nf6 5. Bf4 Nc6 6. c3 e6 7. Nf3 Bd6 8. Qd2
Bxf4 9. Qxf4 Qb6 10. b3 Ne7 11. O-O Bd7 12. Ne5 Rc8 13. Nxd7 Nxd7 14. Re1 O-O
15. Re3 Nf6 16. Nd2 Qc7 17. Qxc7 Rxc7 18. Rae1 Ng6 19. c4 dxc4 20. bxc4 Rd8 21.
Nb3 Nf4 22. Bf1 Nd7 23. g3 Ng6 24. f4 Nb6 25. c5 Nd5 26. Rf3 Nge7 27. g4 Nc6
28. f5 exf5 29. Rxf5 Ndb4 30. d5 g6 31. d6 Rcd7 32. Rf2 Nd5 33. Bc4 Nc3 34.
Ref1 Ne5 35. Rf4 Nxc4 36. Rxc4 Nd5 37. Rf3 Re8 38. Kf2 Kg7 39. Nd4 b6 40. cxb6
Nxb6 41. Rc6 Nc8 42. Nb5 Re5 43. Rxc8 Rxb5 44. Rc7 Rxc7 45. dxc7 Rc5 46. Ra3
Rxc7 47. Kf3 g5 48. Kg3 Kg6 49. h4 h6 50. h5+ Kg7 51. Kf3 f6 52. Kg3 Kf7 53.
Kf3 Ke6 54. Ke4 Rc4+ 55. Kf3 Rc7 56. Ke4 Rf7 57. Ra6+ Ke7 58. Rxa7+ Ke8 59.
Rxf7 Kxf7 60. Kf5 1-0

[Event "Michigan Open"]
[Site "Flint, MI"]
[Date "1998.??.??"]
[Round "?"]
[White "Fischvogt, Eric"]
[Black "Smith, Mike A"]
[Result "1-0"]
[WhiteElo "2220"]
[BlackElo "1945"]
[PlyCount "61"]
[EventDate "1998.09.??"]

{9/6} 1. d4 Nf6 2. Bg5 Ne4 3. Bf4 d5 4. f3 Nf6 5. e4 dxe4 6. Nc3 exf3 7. Nxf3
Bg4 8. h3 Bxf3 9. Qxf3 Nc6 10. O-O-O e6 11. d5 exd5 12. Nxd5 Nxd5 13. Rxd5 Bd6
14. Bxd6 cxd6 15. Qg3 O-O 16. Rxd6 Qa5 17. Bc4 Rad8 18. Rhd1 Rxd6 19. Rxd6 Qc5
20. b3 Qa3+ 21. Kd2 Qxa2 22. Qc3 Qb1 23. Rd7 Qg1 24. Bd5 Qf2+ 25. Kc1 Nd4 26.
Kb2 Nb5 27. Qe5 Rc8 28. Bxf7+ Kh8 29. Bc4 Qxg2 30. Qxb5 Qxh3 31. Qxb7 1-0

[Event "Kalamazoo Mini-Swiss.1"]
[Site "Kalamazoo, MI"]
[Date "1998.??.??"]
[Round "?"]
[White "Fischvogt, Eric"]
[Black "Semerciyan, Mike"]
[Result "1-0"]
[WhiteElo "2240"]
[BlackElo "1885"]
[PlyCount "65"]
[EventDate "1998.??.??"]

1. e4 e6 2. d4 d5 3. Nc3 Bb4 4. Nge2 dxe4 5. a3 Be7 6. Nxe4 Nf6 7. Qd3 Nxe4 8.
Qxe4 Qd5 9. Qd3 b6 10. Nc3 Qd7 11. Qe4 c6 12. Bf4 Bb7 13. O-O-O f5 14. Qe3 O-O
15. Bc4 Rf6 16. Rhe1 Kf7 17. h4 b5 18. Bb3 a5 19. a4 b4 20. Ne2 Bc8 21. h5 Na6
22. Be5 Nc7 23. Bxc7 Qxc7 24. Nf4 Qd7 25. d5 cxd5 26. Nxd5 Qc6 27. Nxe7 Kxe7
28. Bd5 Qa6 29. Qc5+ Kf7 30. Qc7+ Kg8 31. Bxa8 Qxa8 32. Rd8+ Rf8 33. Red1 1-0

[Event "Cadillac Marathon"]
[Site "Cadillac, MI"]
[Date "1998.??.??"]
[Round "?"]
[White "Fischvogt, Eric"]
[Black "Masek, Adam"]
[Result "1-0"]
[WhiteElo "2220"]
[BlackElo "1605"]
[PlyCount "69"]
[EventDate "1998.??.??"]

1. d4 d5 2. c4 e6 3. Nc3 c6 4. e3 Nf6 5. Nf3 Nbd7 6. Bd3 dxc4 7. Bxc4 b5 8. Bd3
b4 9. Na4 Qa5 10. b3 c5 11. O-O Bd6 12. a3 cxd4 13. axb4 Bxb4 14. Nxd4 Bb7 15.
Bb2 O-O 16. Nc2 Qg5 17. f3 a5 18. Qe2 Nd5 19. f4 Qe7 20. Rf3 N5f6 21. Rg3 g6
22. Nxb4 axb4 23. Rd1 Ne4 24. Bxe4 Bxe4 25. Qc4 Bd5 26. Qd4 f6 27. e4 Bxb3 28.
Rxb3 Rxa4 29. Qxd7 Qc5+ 30. Bd4 Qc2 31. Qxe6+ Kg7 32. Qe7+ Kg8 33. Qe6+ Kg7 34.
Bxf6+ Rxf6 35. Rd7+ 1-0

[Event "Michigan Open"]
[Site "Flint, MI"]
[Date "1998.??.??"]
[Round "?"]
[White "Fischvogt, Eric"]
[Black "Manion, Tom"]
[Result "1/2-1/2"]
[WhiteElo "2220"]
[BlackElo "1915"]
[PlyCount "177"]
[EventDate "1998.09.??"]

{9/5} 1. d4 f5 2. Bg5 g6 3. Nc3 d5 4. e3 Bg7 5. Bd3 c6 6. Qd2 Nf6 7. Nge2 Ne4
8. Bxe4 fxe4 9. f3 exf3 10. gxf3 O-O 11. Rf1 Bh3 12. Rf2 Na6 13. O-O-O Rf7 14.
Nf4 Bd7 15. Rg2 Nc7 16. e4 Ne6 17. Nxe6 Bxe6 18. Qe3 Qf8 19. Rg3 dxe4 20. Nxe4
Bd5 21. Qe2 e5 22. dxe5 Bxe5 23. f4 Bxf4+ 24. Bxf4 Rxf4 25. Nc3 Bf3 26. Qe6+
Qf7 27. Qxf7+ Rxf7 28. Rd3 Raf8 29. b4 b6 30. Kb2 Rf4 31. a3 Be4 32. Rd7 R8f7
33. Rd6 Bf3 34. Rd3 Be4 35. Rd4 Bd5 36. Rxf4 Rxf4 37. Nxd5 cxd5 38. Rd3 d4 39.
a4 a6 40. b5 axb5 41. axb5 Rh4 42. Kb3 Kf7 43. Rd2 Ke6 44. Kc4 d3+ 45. Kxd3 Kd5
46. Rg2 Rh3+ 47. Kd2 Kc4 48. Kc1 Kxb5 49. Kb2 Kc4 50. Rg4+ Kc5 51. Rg5+ Kd6 52.
Rg2 Rh5 53. Kb3 Kc5 54. Rf2 b5 55. Rg2 Rh3+ 56. c3 Rh5 57. Re2 h6 58. Re6 g5
59. Re5+ Kc6 60. Re2 Rh4 61. Rg2 Kc5 62. Re2 Kd5 63. Ra2 h5 64. Ra5 Kc5 65. Ra2
Rh3 66. Rf2 g4 67. Rf5+ Kc6 68. Rf2 Kd5 69. Re2 h4 70. Kb4 Rd3 71. Re8 g3 72.
hxg3 hxg3 73. Re7 Rf3 74. Re8 g2 75. Rg8 Rf2 76. Kxb5 Rb2+ 77. Ka5 Kc4 78. Rg3
Kd5 79. Rg4 Ke5 80. c4 Kf5 81. Rg8 Ke4 82. c5 Kd5 83. Rg5+ Ke4 84. c6 Kf3 85.
c7 Rc2 86. Kb6 Kf2 87. Kb7 Rb2+ 88. Ka8 Ra2+ 89. Kb8 1/2-1/2

[Event "Michigan Masters/Experts"]
[Site "Grand Rapids, MI"]
[Date "1998.??.??"]
[Round "?"]
[White "Fischvogt, Eric"]
[Black "Hahn, David"]
[Result "1/2-1/2"]
[WhiteElo "2205"]
[BlackElo "2215"]
[PlyCount "33"]
[EventDate "1998.01.??"]

1. d4 d6 2. e4 Nf6 3. Nc3 g6 4. Nf3 Bg7 5. Be2 O-O 6. O-O c5 7. dxc5 dxc5 8.
Qxd8 Rxd8 9. Be3 b6 10. Rad1 Nc6 11. Rxd8+ Nxd8 12. Nd2 Bb7 13. f3 Ne6 14. Nb3
Rd8 15. Rd1 Rxd1+ 16. Nxd1 Bc6 17. c3 1/2-1/2

[Event "Cadillac Marathon"]
[Site "Cadillac, MI"]
[Date "1998.??.??"]
[Round "?"]
[White "Fischvogt, Eric"]
[Black "Anderson, Gale"]
[Result "1-0"]
[WhiteElo "2220"]
[BlackElo "1770"]
[PlyCount "54"]
[EventDate "1998.??.??"]

1. d4 d5 2. c4 c6 3. Nf3 h6 4. Nc3 Nf6 5. Bf4 e6 6. Qc2 Nbd7 7. e3 Nh5 8. Be5
Nhf6 9. Bd3 Nxe5 10. Nxe5 Nd7 11. f4 Qh4+ 12. g3 Qf6 13. O-O-O g6 14. e4 Bb4
15. exd5 Bxc3 16. Qxc3 cxd5 17. cxd5 O-O 18. d6 Nb6 19. Kb1 Bd7 20. Be4 Rac8
21. Qa5 Bc6 22. Bxc6 bxc6 23. Qxa7 Qd8 24. Rc1 Nd5 25. Qc5 Ra8 26. Nxc6 Qd7 27.
Ne5 Qa4 {[Remainder unavailable]} 1-0

[Event "Michigan Masters/Experts"]
[Site "Grand Rapids, MI"]
[Date "1998.??.??"]
[Round "?"]
[White "Fischvogt, Eric"]
[Black "Aldrich, Jeff"]
[Result "1-0"]
[WhiteElo "2205"]
[BlackElo "2020"]
[PlyCount "53"]
[EventDate "1998.01.??"]

1. d4 d5 2. c4 c6 3. Nf3 Nf6 4. Nc3 e6 5. e3 Nbd7 6. Bd3 Be7 7. O-O dxc4 8.
Bxc4 b5 9. Bd3 Bb7 10. e4 Nb6 11. Bg5 a6 12. e5 Nfd7 13. Ne4 Nc8 14. Rc1 c5 15.
Bxe7 Qxe7 16. dxc5 Bd5 17. b4 Bxa2 18. Ra1 Bc4 19. Bxc4 bxc4 20. Qd4 O-O 21.
Qxc4 f6 22. exf6 Nxf6 23. Nxf6+ Rxf6 24. Rxa6 Rb8 25. Nd4 Qb7 26. Rxe6 Qxb4 27.
Re8# 1-0

[Event "Michigan Open"]
[Site "Flint, MI"]
[Date "1998.??.??"]
[Round "?"]
[White "Finegold, Ron"]
[Black "Smalec, John"]
[Result "0-1"]
[WhiteElo "2065"]
[BlackElo "1605"]
[PlyCount "62"]
[EventDate "1998.09.??"]

{9/6} 1. c4 Nf6 2. Nc3 c5 3. e4 Nc6 4. g3 g6 5. Bg2 Bg7 6. Nge2 O-O 7. O-O e5
8. d3 d6 9. Nd5 Nxd5 10. cxd5 Nd4 11. Nxd4 exd4 12. Bf4 f5 13. Qd2 fxe4 14.
Bxe4 Bf5 15. Rfe1 Qd7 16. Re2 Bg4 17. f3 Bh3 18. Rae1 Rae8 19. Bh6 Qf7 20. Qf4
Re5 21. Qxf7+ Rxf7 22. Bf4 Rxf4 23. gxf4 Rh5 24. Bxg6 hxg6 25. Re7 Rf5 26. Rxb7
Rxf4 27. Re8+ Bf8 28. Kf2 g5 29. Re4 Rf6 30. Ke2 Bg2 31. Re6 Bxf3+ $138 0-1

[Event "Michigan Open"]
[Site "Flint, MI"]
[Date "1998.??.??"]
[Round "?"]
[White "Finegold, Ron"]
[Black "Morris, Jewell"]
[Result "1-0"]
[WhiteElo "2085"]
[BlackElo "1810"]
[PlyCount "53"]
[EventDate "1998.09.??"]

{9/5} 1. c4 c5 2. Nc3 Nc6 3. e4 e5 4. g3 g6 5. Bg2 Bg7 6. Nge2 Nge7 7. O-O O-O
8. d3 d6 9. a3 a6 10. Rb1 Nd4 11. b4 Nec6 12. Nd5 Nxe2+ 13. Qxe2 Nd4 14. Qb2
Be6 15. bxc5 Bxd5 16. cxd5 dxc5 17. Qxb7 Rb8 18. Qxb8 Qxb8 19. Rxb8 Rxb8 20.
Be3 Rb3 21. Bxd4 cxd4 22. d6 Rb6 23. d7 Rd6 24. Bh3 f6 25. Rc1 Kf7 26. Rc8 Ke7
27. Re8+ 1-0